Prosthodontic Treatment For Edentulous Patients : (Record no. 17244)
[ view plain ]
| 000 -LEADER | |
|---|---|
| fixed length control field | 03196cam a22003013u 4500 |
| 001 - CONTROL NUMBER | |
| control field | 007834050 |
| 005 - DATE AND TIME OF LATEST TRANSACTION | |
| control field | 20161116105833.0 |
| 008 - FIXED-LENGTH DATA ELEMENTS--GENERAL INFORMATION | |
| fixed length control field | 040209s2014 mou ||b 001 ||eng | |
| 020 ## - INTERNATIONAL STANDARD BOOK NUMBER | |
| International Standard Book Number | 0323022960 (alk. paper) |
| 082 04 - DEWEY DECIMAL CLASSIFICATION NUMBER | |
| Classification number | 617.692 |
| Edition number | 22 |
| Item number | PRO |
| 245 00 - TITLE STATEMENT | |
| Title | Prosthodontic Treatment For Edentulous Patients : |
| Remainder of title | Complete Dentures and Implant-Supported Prostheses / |
| Statement of responsibility, etc | editors, George Zarb ... [et al] ; associate editors, Aaron H. Fenton ... [et al.]. |
| 250 ## - EDITION STATEMENT | |
| Edition statement | 12th ed. / senior editors, George A. Zarb, Charles L. Bolender ; associate editors, Steven E. Eckert ... [et al.] |
| 260 ## - PUBLICATION, DISTRIBUTION, ETC. (IMPRINT) | |
| Place of publication, distribution, etc | St Louis, Mo. : |
| Name of publisher, distributor, etc | Mosby, |
| Date of publication, distribution, etc | c2013. |
| 300 ## - PHYSICAL DESCRIPTION | |
| Extent | xi, 452 p. : |
| Dimensions | ill. (some col.) ; |
| Other physical details | 29 cm. |
| 504 ## - BIBLIOGRAPHY, ETC. NOTE | |
| Bibliography, etc | Includes bibliographical references and index. |
| 505 ## - FORMATTED CONTENTS NOTE | |
| Formatted contents note | Pt. 1. The patient. 1. The edentulous state -- 2. Systemic health aspects and nutritional considerations for edentulous patients -- 3. The aging edentulous patient -- 4. Sequelae caused by wearing complete dentures -- Pt. 2. Treatment options. 5. History taking, treatment planning and improving denture-bearing areas for edentulous patients -- 6. Additional treatment planning options for both edentulous and potentially edentulous patients -- Pt. Three. The materials used. 7. Materials used in the management of edentulous patients -- Pt. 4. Clinical protocols for diverse treatment scenarios. -- 8. Maxillary and mandibular analougue/substitutes for the denture-bearing area -- 9. The dentures' polished surfaces, recording jaw relations, and their transfer to an articulator -- 10. The occlusal surfaces: the selection and arrangement of prosthetic teeth -- 11. The try-in appointment -- 12. Prosthesis insertion and follow-up appointments -- 13. Modified protocols for immediate dentures, overdentures, and single dentures -- 14. Prolonging the useful life of complete dentures: relines, repairs and duplications -- 15. Speech considerations with complete dentures -- Pt. 5. Clinical protocols specific to implant-retained and implanted supported prosthodontic management. -- 16. The science of osseointegration -- 17. Implant overdentures -- 18. Fixed full arch implant-supported prostheses for the edentulous patient -- 19. Maxillofacial prosthodontics for the edentulous patient -- 20. Managing problems and complications -- 21. Immediately loaded complete dental prostheses -- 22. Current and possible future directions in implant prosthdontics -- Pt. 6. Additional considerations in the management of edentulous patients. 23. The impact of socioeconomic, cultural and technological changes and the notion of standards of care and alternative protocols. |
| 590 ## - LOCAL NOTE (RLIN) | |
| Local note | Rev. ed. of: Boucher's prosthodontic treatment for edentulous patients. 11th ed. / [edited by] George A. Zarb, Charles L. Bolender, Gunnar E. Carlsson. c1997 |
| 650 #0 - SUBJECT ADDED ENTRY--TOPICAL TERM | |
| Topical term or geographic name as entry element | Complete dentures. |
| 9 (RLIN) | 32431 |
| 650 #0 - SUBJECT ADDED ENTRY--TOPICAL TERM | |
| Topical term or geographic name as entry element | Tooth loss |
| 9 (RLIN) | 32432 |
| 650 #0 - SUBJECT ADDED ENTRY--TOPICAL TERM | |
| Topical term or geographic name as entry element | Edentulous mouth. |
| 9 (RLIN) | 32433 |
| 650 #2 - SUBJECT ADDED ENTRY--TOPICAL TERM | |
| Topical term or geographic name as entry element | Mouth, Edentulous. |
| 9 (RLIN) | 32435 |
| 653 ## - INDEX TERM--UNCONTROLLED | |
| Resource For college | |
| Arrived date list | February2013 |
| 650 #2 - SUBJECT ADDED ENTRY--TOPICAL TERM | |
| 9 (RLIN) | 32434 |
| Topical term or geographic name as entry element | Denture, Complete |
| 700 1# - ADDED ENTRY--PERSONAL NAME | |
| Personal name | Zarb, George A |
| Fuller form of name | (George Albert), |
| Dates associated with a name | 1938- |
| 9 (RLIN) | 32436 |
| 700 1# - ADDED ENTRY--PERSONAL NAME | |
| Personal name | Bolender, Charles L. |
| 9 (RLIN) | 32437 |
| 700 1# - ADDED ENTRY--PERSONAL NAME | |
| Personal name | Eckert, Steven E. |
| 9 (RLIN) | 32438 |
| 942 ## - ADDED ENTRY ELEMENTS (KOHA) | |
| Source of classification or shelving scheme | Dewey Decimal Classification |
| Item type | |
| Withdrawn status | Item status | Source of classification or shelving scheme | Damaged status | Not for loan | Vendor | Home library | Current library | Shelving location | Date acquired | Source of acquisition | Cost, normal purchase price | Serial Enumeration / chronology | Total Checkouts | Total Renewals | Full call number | Barcode | Date last seen | Date last borrowed | Koha item type |
|---|---|---|---|---|---|---|---|---|---|---|---|---|---|---|---|---|---|---|---|
| Dewey Decimal Classification | Alahram | Central Library | Central Library | First floor | 06/02/2013 | 881.00 | 14152 | 1 | 5 | 617.692 PRO | 000027997 | 15/07/2025 | 31/10/2017 | Book - Borrowing |